Les 10 villes les plus peuplées d'Eure-et-Loir (28) - Statistiques

Statistiques générales
  • Ce quiz a été pris 42 fois
  • Le résultat moyen est 6 sur 10
Statistiques - réponses
Population Communes % Correct
38 000 Chartres
100%
31 200 Dreux
97%
12 900 Châteaudun
76%
15 700 Lucé
61%
9 300 Nogent-le-Rotrou
55%
11 000 Mainvilliers
50%
12 500 Vernouillet
50%
6 800 Luisant
32%
5 700 Lèves
24%
6 400 Auneau-Bleury-Saint-Symphorien
5%
Aucun quiz correspondant
Distribution des résultats
% des personnes avec chaque résultat
Percentile par nombre de réponses
Votre historique - résultats
Vous n’avez pas pris ce quiz